000 00522nam a22001697a 4500
999 _c17687
_d17687
008 190521b xxu||||| |||| 00| 0 eng d
020 _a9351453659
040 _aKABU
_cKABU
050 _aKZ3295
_b.M85 2016 c. 1
100 _aMujawar, Fatima
245 _aCrisp introduction to international law
_cFatima Mujawar, Foreword by B.N. Srikrishna
260 _aLucknow
_bEastern Book Company
_c2016
300 _axiv, 113 p.
650 _aInternational law
700 _aShrikrishna, B.N.
942 _2lcc
_cBK
_hKZ3295